000 00321nam a22001457a 4500
008 230320b ||||| |||| 00| 0 eng d
020 _a9781451113143
041 _aeng
080 _25TH EDITION
_a615
082 _a615HAR
100 _a13
101 _aFARMAK
245 _aHARVEY.A.R
_cPHARMACOLOGY
942 _2udc
_cBK
999 _c59393
_d59393